000 00634nam a2200217Ia 4500
003 GCL
008 140319s9999 xx 000 0 ara d
040 _aGCL /
_cGCL
082 0 4 _a190
_bع ف
100 1 _aعبدالقادر بشته
245 1 0 _aالفلسفة والعلم /
_cعبدالقادر بشته
250 _aالاولى
260 _aبيروت :
_bدار الطليعة ،
_c2002
300 _a160 ص ؛
_c24 سم
650 0 4 _aالعلماء
650 0 4 _aالفلسفة الحديثة
650 0 4 _aالعلوم
650 0 4 _aالفلاسفة
650 0 4 _aالفلسفة الغربية
942 _2ddc
_cBK
999 _c5564
_d5564